Flujo génico entre girasol cultivado y silvestre en la Argentina /

Guardado en:
Otros Autores: Ureta, María Soledad. (Disertante), Poverene, María Mónica. (Orientador)
Formato: Manuscrito
Idioma:Spanish
Publicado: 2010.
Materias:
Acceso en línea:Texto completo
Etiquetas: Agregar Etiqueta
Sin Etiquetas, Sea el primero en etiquetar este registro!
LEADER 01084ntm a22002415a 4500
001 EEA.libagro009339
005 20160711104632.0
008 100831s2010####ag#######bm###000#0#spa#d
100 1 |a Ureta, María Soledad.  |4 dis 
245 1 0 |a Flujo génico entre girasol cultivado y silvestre en la Argentina /  |c María Soledad Ureta; directora: M. Mónica Poverene. 
260 |c 2010. 
300 |a xiii, 110 h. :  |b il. (principalmente col.) ;  |c 30 cm. 
500 |a Título obtenido: Doctor en Agronomía. 
502 |a Tesis (doctoral)--Universidad Nacional del Sur. Departamento de Agronomía, 2010. 
504 |a Incluye referencias bibliográficas (p. 95-110). 
530 |a Disponible también en formato digital. 
650 7 |a Agronomía.  |2 unbist 
650 7 |a Cultivos.  |2 unbist 
650 7 |a Girasoles.  |2 unbist 
700 1 |a Poverene, María Mónica.  |4 ths 
710 2 |a Universidad Nacional del Sur.  |b Departamento de Agronomía.  |4 dgg. 
856 |u http://repositoriodigital.uns.edu.ar/handle/123456789/2070  |3 Texto completo 
859 |a AR-BbBCA  |b BIB. AGRONOMIA  |h 040  |i B148 2010-1013  |p 121637/010